000 00420pab a2200169 454500
008 180718b2011 xxu||||| |||| 00| 0 eng d
100 _aBardhan, Pranab
245 _aChallenges for a minimum social democracy in India
260 _c2011
300 _ap.39-43.
362 _a5 Mar
650 _aSocialism - India
650 _aSocialism
773 _aEconomic and Political Weekly
908 _aN
909 _a90878
999 _c90878
_d90878